00531nam a22001937a 450000500170000001000130001702000230003003500130005303700160006604000120008208200170009410000140011124500500012526000480017527000500022330000220027365000220029565000200031720170124105950.0 aA-760246 c150.00a8170060486 aA-760246 bCen Lib/Ret aDPLbEN a338.954bGUP aGupta, K. aManifesto for reforms in India /cby K. Gupta aNew DelhibAsian Publication Servicesc1995 a243, Defence Colony Flyover MarketbNew Delhi ax,111p.c21cm(Hb) aPolitical science aEconomic policy